Largest Bodies in the Solar System - Statistics

General Stats
  • This quiz has been taken 54 times
    44 since last reset
  • The average score is 25 of 36
Answer Stats
Type Answer % Correct
Planet Earth
100%
Planet Jupiter
100%
Planet Mars
100%
Planet Mercury
100%
Planet Neptune
100%
Planet Saturn
100%
Planet Uranus
100%
Planet Venus
100%
Dwarf Planet Pluto
97%
Star Sun
97%
Moon Titan
97%
Moon Europa
94%
Moon Ganymede
94%
Moon Io
94%
Moon Moon
89%
Moon Triton
83%
Moon Callisto
81%
Dwarf Planet Eris
75%
Dwarf Planet Ceres
72%
Moon Charon
67%
Dwarf Planet Makemake
64%
Moon Rhea
61%
Dwarf Planet Sedna
61%
Dwarf Planet Haumea
56%
Moon Oberon
56%
Moon Titania
53%
Moon Iapetus
50%
Moon Umbriel
44%
TNO Orcus
42%
Moon Ariel
39%
KBO Quaoar
36%
Moon Tethys
36%
Moon Dione
31%
TNO Salacia
31%
TNO 2007 OR10
11%
TNO 2002 MS4
6%
No matching quizzes found
Score Distribution
Percent of People with Each Score
Percentile by Number Answered
Your Score History
You have not taken this quiz since the last reset